Management (Record no. 24350)

000 -LEADER
fixed length control field 00179nam a22000737a 4500
003 - CONTROL NUMBER IDENTIFIER
control field NUST
005 - DATE AND TIME OF LATEST TRANSACTION
control field 20170529124902.0
008 - FIXED-LENGTH DATA ELEMENTS--GENERAL INFORMATION
fixed length control field 140519b xxu||||| |||| 00| 0 eng d
020 ## - INTERNATIONAL STANDARD BOOK NUMBER
Terms of availability Available
040 ## - CATALOGING SOURCE
Original cataloging agency DLC
Language of cataloging DLC
Transcribing agency RCMS
050 ## - LIBRARY OF CONGRESS CALL NUMBER
Classification number 658 BOV
082 ## - DEWEY DECIMAL CLASSIFICATION NUMBER
Classification number 658 BOV
100 ## - MAIN ENTRY--PERSONAL NAME
Personal name Courtland L Bovee
9 (RLIN) 1516
245 ## - TITLE STATEMENT
Title Management
Statement of responsibility, etc. Courtland L Bovee
300 ## - PHYSICAL DESCRIPTION
Extent xxv, 724 p. :
Other physical details ill, ;
Dimensions 26 cm.
440 ## - SERIES STATEMENT/ADDED ENTRY--TITLE
Title Management
9 (RLIN) 1517
538 ## - SYSTEM DETAILS NOTE
Display text Shelf # 13, Row # 4, Fiction.
856 ## - ELECTRONIC LOCATION AND ACCESS
Materials specified Table of Contents Only.
942 ## - ADDED ENTRY ELEMENTS (KOHA)
Source of classification or shelving scheme
Koha item type Book
Classification part 658 BOV
Holdings
Withdrawn status Lost status Source of classification or shelving scheme Damaged status Not for loan Permanent Location Current Location Shelving location Date acquired Barcode Date last seen Price effective from Koha item type
          NUST Baluchistan Campus (NBC) NUST Baluchistan Campus (NBC) General Stacks 05/19/2014 RCMS001267 05/19/2014 05/19/2014 Book
© 2023 Central Library, National University of Sciences and Technology. All Rights Reserved.